Groups of 3 #1 - Statistics

General Stats
  • This quiz has been taken 190 times
  • The average score is 25 of 75
Answer Stats
Hint Context Answer1 % Correct
Blue
99%
Traditional primary colors Art Red
99%
Yellow
97%
Three hands on a clock General knowledge Hour
79%
Second
79%
Minute
78%
Gifts of the Magi Matthew 2:1-12 Gold
69%
David Seville’s Chipmunks Virtual band and media franchise: novelty songs, comic books, animated TV series, animated direct-to-video films, CGI/live-action hybrid films, merchandise (1958-present) Alvin
67%
Benelux countries Geography Belgium
63%
Luxembourg
63%
Donald Duck’s triplet nephews Comic books, cartoons and film Huey
61%
Netherlands
61%
Frankincense
60%
Pop
60%
Dewey
59%
Myrrh
59%
Crackle
58%
Elf-like mascots for Kellogg’s Rice Krispies Marketing Snap
58%
Louie
54%
Curly
53%
Luciano Pavarotti
53%
Theodore
53%
The Supremes, 1962-1967 lineup “Where Did Our Love Go?” (1964) Diana Ross
52%
Simon
47%
Moe
45%
Aramis
42%
The Three Stooges Classic lineup, 1934-1946 Larry
41%
Porthos
41%
and {Mary}
40%
Paul
40%
American folk trio (1961-1970, 1978-2009) “Puff, the Magic Dragon” (1963) Peter
40%
Steve Martin
39%
The Three Musketeers Alexandre Dumas. Les trois mousquetaires (1844) Athos
37%
Plácido Domingo
36%
Countrymen
34%
Three groups who lent Mark Antony their ear William Shakespeare. Julius Caesar (1599) Friends
34%
Three Amigos stars HBO Pictures. John Landis, dir. (1986) Chevy Chase
33%
Martin Short
33%
Romans
33%
The Three Tenors Classical vocal performance José Carreras
24%
Curly’s successors as the third stooge The Three Stooges Shemp (1946-1955)
22%
Melchior
19%
The Three Caballeros Walt Disney Productions. Norman Ferguson, dir. (1944) Donald Duck
16%
The Three Wise Men Tradition Caspar
14%
Balthasar
13%
Mary Wilson
12%
Northern Triangle countries Geography, geopolitics El Salvador
10%
Guatemala
10%
Honduras
10%
Joe (1956-1957)
10%
Nod
10%
Blynken
9%
Trio who sailed off in a wooden shoe to go fishing among the stars Eugene Field. Dutch Lullabye (1889) Wynken
9%
The Fates (Moirae) Greek mythology Clotho
8%
Curly Joe (1958-1970)
8%
Florence Ballard
8%
May
8%
Daisy Duck’s triplet nieces Walt Disney’s Comics and Stories (1940-2020) April
7%
Atropos
7%
American jazz-rock group (1967-1981, 1984-present) “You’ve Made Me So Very Happy” (1970) Blood
7%
Three Little Pigs Walt Disney Productions, Silly Symphony series. Burt Gillett, dir.(1933) Fiddler Pig
7%
Fifer Pig
7%
José Carioca
7%
June
7%
Lachesis
7%
LaVerne
7%
Panchito Pistoles
7%
Practical Pig
7%
Sweat
7%
& {Tears}
7%
Maxene
6%
The Andrews Sisters (1925-1967) “Boogie Woogie Bugle Boy” (1941) Patty
5%
Blacky
3%
Three Little Pigs Andrew Lang, ed. The Green Fairy Book (1892) Browny
3%
Whitey
3%
No matching quizzes found
Score Distribution
Percent of People with Each Score
Percentile by Number Answered
Your Score History
You have not taken this quiz